Les 10 derniers joueurs ayant inscrit un triplé avec le Stade Rennais - Statistiques

Statistiques générales
  • Ce quiz a été pris 57 fois
  • Le résultat moyen est 7 sur 10
Statistiques - réponses
Match Joueur % Correct
2025 (vs Strasbourg) Esteban Lepaul
89%
2021 (vs Saint Etienne) Martin Terrier
89%
2024 (vs Ac Milan) Benjamin Bourigeaud
83%
2024 (vs Saint Etienne) Arnaud Kalimuendo
75%
2021 (vs Vitesse) Gaëtan Laborde
70%
2016 (vs Fc Nantes) Ousmane Dembélé
70%
2023 (vs Ac Ajaccio) Amine Gouiri
68%
2022 (vs Metz) Serhou Guirassy
55%
2008 (vs Olympique Lyonnais) Mickael Pagis
32%
2006 (vs Olympique Lyonnais) John Utaka
28%
Aucun quiz correspondant
Distribution des résultats
% des personnes avec chaque résultat
Percentile par nombre de réponses
Votre historique - résultats
Vous n’avez pas pris ce quiz